000 00492nam a2200181Ia 4500
999 _c14069
_d14069
003 OSt
005 20201103130821.0
008 190216s9999||||xx |||||||||||||| ||und||
020 _a78051162727
040 _coclc
082 _a823
_bBLI/P
100 _a Carey, Peter
_96184
245 0 _aBliss /
_cPeter Carey
260 _bFaber And Faber,
_c1981.
_aLondon:
300 _a296p
650 _aEnglish Novel-English Novel
942 _cBK
_2ddc
_h823
_iBLI/P
_k823
_mBLI/P